| 000 | 01716nam a2200313 a 4500 | ||
|---|---|---|---|
| 003 | CO-PeBPR | ||
| 005 | 20260429110753.0 | ||
| 008 | 260415e2024 ck a|||| n||| 00| 0 spa c | ||
| 020 | _a9789581404193 | ||
| 040 | 0 |
_aCO-PeBPR _bspa _cCO-PeBPR _erda |
|
| 041 | 0 | _hspa | |
| 082 | 0 | 4 | _a(i) 628.445 R149b |
| 100 | 1 |
_aRaidt, Gerda _d1975 _eautora _eilustradora |
|
| 245 | 1 | 0 |
_aBasura _b: todo sobre la cosa más molesta del mundo _c/ texto e ilustraciones de Gerda Raidt ; traducción de Paula R.S. |
| 250 | _aEdición especial | ||
| 264 | 1 |
_aBogotá, Colombia _b: Lóguez Ediciones _c, 2024 |
|
| 300 |
_a93 páginas _b: ilustraciones a color _c; 22 centímetros |
||
| 336 |
_atexto _btxt _crdacontenido |
||
| 337 |
_asin mediación _bn _2rdamedio |
||
| 338 |
_avolumen _bnc _2rdasoporte |
||
| 490 | _aPlan Nacional de Lectura, Escritura y Oralidad /Ministerio de Cultura, las Artes y los saberes. | ||
| 520 | _aAbrir el contenedor, adentro la basura, fuera la suciedad!. Todos sabemos que esto no es tan sencillo. Apilamos gigantescas montañas de basura y convertimos el mar en una zona de plásticos. Embarcamos nuestra basura rumbo a lejanos países y dejamos nuestra chatarra incluso en el espacio. ¿Por qué? Gerda Raidt explica, con muchas ilustraciones y breves textos, interesantes trasfondos y alienta a actuar. Concretamente, en casa y delante de la puerta. | ||
| 521 | _aRecomendado para 7 a 12 años. | ||
| 650 | 1 | 4 |
_2LEMB _aDisposición de residuos _xLiteratura infantil _vAspectos ambientales |
| 650 | 1 | 4 |
_2LEMB _aBasuras y aprovechamiento de basuras _xLiteratura infantil |
| 650 | 1 | 4 |
_2LEMB _aConciencia ambiental _xLiteratura infantil _vEnseñanza |
| 700 | 1 |
_aR.S., Paula _etraductora |
|
| 942 |
_2ddc _cBKINF |
||
| 999 |
_c17820 _d17820 |
||